| 000 | 00513 a2200181 4500 | ||
|---|---|---|---|
| 003 | Nust | ||
| 005 | 20230210090818.0 | ||
| 020 | _a0192827995 | ||
| 040 | _cNust | ||
| 082 | _a958,HOP | ||
| 100 |
_aPeter Hopkirk _9108820 |
||
| 245 | _aThe Great Game / | ||
| 260 |
_aPakistan _bPaf Book |
||
| 505 | _aPart.1: The Beginnings (Page-9), Part.2: The Middle years (Page-109), Part.3: The Climactic years (Page-293). | ||
| 600 |
_aPeter Hopkirk _9108820 |
||
| 650 |
_aThe Great Game _9108821 |
||
| 942 |
_2ddc _cBK |
||
| 999 |
_c187052 _d187052 |
||